000 00422nam a2200121Ia 4500
008 220216s9999 xx 000 0 und d
100 _aGhosal R
_cet al
245 0 _aTreated carbon blacks for enhanced processability
260 _bIndia Rubber Expo & Tyre Show 2013. Conference & Workshop Abstracts, 22-24 January 2013, Mumbai, India. pp. 21-24.
650 _aCarbon black
650 _aTreated carbon black
942 _cJS
999 _c71509
_d71509